000
00300nam a22001337a 4500
008
171227b xxu||||| |||| 00| 0 eng d
020
_a
9780134004747
041
_a
eng
080
_a
573
100
_a
11
101
_a
BIO
245
_a
CELLS BUILDING BLOCK OF LIEFE
_c
JAMES,P
942
_2
udc
_c
BK
999
_c
39470
_d
39470